EU market brief 2005 : protective footwear :
| Format: | Book |
|---|---|
| Published: |
[S.I]:
Centre for the promotion of imports from developing countries(CBI),
2005.
|
| Series: | Eu market brief 2005
|
| Subjects: |
| LEADER | 00535cam a2200145 7i4500 | ||
|---|---|---|---|
| 001 | 0000020257 | ||
| 005 | 20080116090000.0 | ||
| 090 | 0 | 0 | |a P 391.413 |b EUR |
| 245 | 0 | 0 | |a EU market brief 2005 : |b protective footwear : |b protective footwear : |b August 2005. |
| 260 | 0 | 0 | |a [S.I]: |b Centre for the promotion of imports from developing countries(CBI), |c 2005. |
| 300 | # | # | |a 21 p. |
| 440 | 0 | 0 | |a Eu market brief 2005 |
| 650 | 0 | 0 | |a Footwear -- |x Markets -- |z European Union |
| 651 | 0 | 0 | |a European Union |
| 999 | |a 0000019085 |b Book |c Products |e Business Information Centre | ||